|
|
|
|
| LEADER |
00748cam a2200193 7i4500 |
| 001 |
0000032971 |
| 005 |
20170218090000.0 |
| 020 |
|
|
|a 9679627268 (pbk.)
|
| 090 |
0 |
0 |
|a KPG1220
|b .M35 2006
|
| 100 |
0 |
|
|a Maimunah Aminuddin
|
| 245 |
1 |
0 |
|a Malaysian employment law practices
|c Maimunah Aminuddin.
|
| 260 |
|
|
|a Kelana Jaya, Selangor:
|b Malayan Law Journal Sdn. Bhd.,
|c 2006.
|
| 300 |
|
|
|a xx, 378 p.;
|c 25 cm.
|
| 490 |
0 |
|
|a Best HR and employement practices series
|
| 650 |
0 |
0 |
|a Industrial laws and legislation --
|z Malaysia
|
| 650 |
0 |
0 |
|a Industrial relations --
|x Law and legislation --
|z Malaysia
|
| 650 |
0 |
0 |
|a Labor laws and legislation --
|z Malaysia
|
| 997 |
|
|
|a Business & Accountancy, Faculty
|
| 999 |
|
|
|a 0000035468
|b BOK
|c OPEN SHELF
|e 1st Floor, Bestari Jaya
|